000
00269nam a2200097 4500
999
_c
521672
_d
521672
100
_a
Giri, Srimat Swmai Iswarananda
_9
35835
245
_a
Haimavati :
_b
A homage to the himalayan glory
250
_a
1st
260
_a
Bangalore
_b
Samvit Vikasa Kendra
_c
1986
300
_a
75p.